| 000 | 00000nam##2200000za#4500 |
| 001 | 9.615799 |
| 003 | CaOODSP |
| 005 | 20210615101309 |
| 007 | ta |
| 008 | 150406|2000||||xxc||||| f|0| 0 eng|d |
| 020 | |a0-662-31197-3 |
| 040 | |aCaOODSP|beng |
| 043 | |an-cn--- |
| 086 | 1 |aNH18-22/100-140E |
| 110 | 2 |aCanada Mortgage and Housing Corporation. |
| 245 | 10|aCompendium of research on the Conservation Co-op building |
| 260 | |aOttawa - Ontario : |bCanada Mortgage and Housing Corporation |c2000. |
| 300 | |a6p. : |bgraphs, tables ; |c28 cm. |
| 490 | 1 |aResearch highlight. Technical series |v00-140 |
| 563 | |aPamphlet |
| 590 | |a01-42|b2001-10-19 |
| 690 | 07|aHousing|2gcpds |
| 690 | 07|aEnvironmental impact assessment|2gcpds |
| 690 | 07|aSubsidized housing|2gcpds |
| 775 | 08|tCompendium de la recherche sur l'immeuble de la Conservation Co-op |w(CaOODSP)9.625815 |
| 776 | 0#|tCompendium of research on the Conservation Co-op building |w(CaOODSP)9.572285 |
| 830 | #0|aResearch highlight. Technical series ;|v00-140|w(CaOODSP)9.514826 |
| 986 | |aNHA 60975 |